| 000 | 00802nam a22002417a 4500 | ||
|---|---|---|---|
| 999 |
_c5346 _d5346 |
||
| 003 | AR-CdUCM | ||
| 008 | 190312b ||||| |||| 00| 0 spa d | ||
| 040 |
_aMUNICIPALIDAD PROVINCIAL DEL CUSCO _cBIBLIOTECA MUNICIPAL DEL CUSCO |
||
| 082 |
_a869.56 / _bN21 |
||
| 100 |
_aGarces Larrea, Cristobal _916140 |
||
| 245 | _aNarradores peruanos contemporáneos / | ||
| 260 |
_aGuayaquil : _bAriel, _c1975. |
||
| 300 |
_a142 paginas ; _c18 cm. |
||
| 440 |
_aColección Ariel Universal _96236 |
||
| 500 | _aDonación familia Nieto | ||
| 505 | _aContenido :Eleodoro Vargas Vicuña --Ribeyros --Oswaldo Reynoso --Francisco E. Carrillo ... | ||
| 650 |
_aLiteratos peruanos _9808 |
||
| 650 |
_aCuento _94671 |
||
| 650 |
_aColeciones _916141 |
||
| 650 |
_aSiglo XX _98 |
||
| 942 |
_2ddc _cLIBROS |
||
| 945 | _arjall | ||